000 00682nam a2200229 i 4500
001 000011779
005 20200929162548.0
008 760519s1975 pr a b 000 0 spa
010 _a76462723
020 _a0847727181
040 _aDO-SdBNP
_cDLC
_dDLC
050 0 0 _aLB1573
_b.S2 1975
100 1 _aSaez, Antonia.
_927863
245 1 3 _aLa lectura, arte del lenguaje /
_cAntonia Saez.
250 _a6. ed.
260 _a[San Juan] :
_bEditorial Universitaria, Universidad de Puerto Rico,
_c1975.
300 _a401 p. :
_bill. ;
_c22 cm.
504 _aIncludes bibliographies.
650 0 _aReading (elementary)
_927864
910 _aCatalogación derivada
082 0 0 _a372.4/1
999 _c11453
_d11453